000 00522nam a2200181Ia 4500
008 151202s9999||||xx |||||||||||||| ||und||
082 _bPNVM-16972
100 _aCAIRNES J. E.
245 _aTHE CHARACTER & LOGICAL METHOD POLITICAL ECONOMY.
260 _b"J.MURRAY, LONDON."
260 _c0
300 _a335
600 _aCAIRNES J. E.
630 _aTHE CHARACTER & LOGICAL METHOD POLITICAL ECONOMY.
700 _aCAIRNES J. E.
730 _aTHE CHARACTER & LOGICAL METHOD POLITICAL ECONOMY.
942 _cBOOK
999 _c1282957
_d1282954